Normal view
MARC view
- Fossler ,Stephen
Entry Personal Name
001 - CONTROL NUMBER
- control field: 133791
003 - CONTROL NUMBER IDENTIFIER
- control field: NUST
005 - DATE AND TIME OF LATEST TRANSACTION
- control field: 20260331124839.0
008 - FIXED-LENGTH DATA ELEMENTS
- fixed length control field: 260331|| aca||aabn | a|a d
040 ## - CATALOGING SOURCE
- Original cataloging agency: NUST
- Transcribing agency: NUST
100 ## - HEADING--PERSONAL NAME
- Personal name: Fossler ,Stephen
670 ## - SOURCE DATA FOUND
- Source citation: Work cat.: (NUST): Fossler ,Stephen., Fossler's Guide to Planning & Promoting Your Business Anniversary /, 1989.
